| 000 | 00586nam a2200217Ia 4500 | ||
|---|---|---|---|
| 003 | BUBTL | ||
| 008 | 151213s9999 xx 000 0 und d | ||
| 020 | _a099428865 | ||
| 082 | _a823.912/ M442c/ 2002 | ||
| 100 |
_aMaugham, W. Somerset _95116 |
||
| 245 |
_aCollected Short Stories Volume - 4 : _cW. Somerset Maugham |
||
| 250 | _a1st Edn. | ||
| 260 |
_aU K. _bVintage _cc2002 |
||
| 300 |
_a562p. : _b20 cm. |
||
| 650 | _aEnglish | ||
| 650 | _a | ||
| 700 |
_aW. Somerset Maugham _95117 |
||
| 856 |
_k0 _l0 _yDownload |
||
| 942 |
_2ddc _cBK |
||
| 999 |
_c2184 _d2184 |
||